| 000 | 004610000a22001810004500 | ||
|---|---|---|---|
| 020 | _a0-551-05048-9 | ||
| 041 | 0 | _aENG | |
| 082 | 0 | 4 | _aG 291.9 S6421o |
| 100 | 1 | _aSmith, Paul B. | |
| 245 | 1 | 0 | _aOther gospels / Paul B. Smith |
| 260 | _aLondon, Great Britain : Marshall, Morgan & Scott | ||
| 300 | _a160 Pag | ||
| 001 | 8986 | ||
| 942 | _cBK | ||
| 999 |
_c39078 _d39078 |
||
| 336 |
_atexto _btxt _2rdacontent |
||
| 337 |
_2rdamedia _asin mediación _bn |
||
| 338 |
_2rdacarrier _avolumen _bnc |
||